<?xml version="1.0" encoding="UTF-8"?><?xml-stylesheet type="text/xsl" href="static/style.xsl"?><OAI-PMH xmlns="http://www.openarchives.org/OAI/2.0/" xmlns:xsi="http://www.w3.org/2001/XMLSchema-instance" xsi:schemaLocation="http://www.openarchives.org/OAI/2.0/ http://www.openarchives.org/OAI/2.0/OAI-PMH.xsd"><responseDate>2026-04-17T06:43:53Z</responseDate><request verb="GetRecord" identifier="oai:www.recercat.cat:2117/341622" metadataPrefix="marc">https://recercat.cat/oai/request</request><GetRecord><record><header><identifier>oai:recercat.cat:2117/341622</identifier><datestamp>2025-07-17T03:49:10Z</datestamp><setSpec>com_2072_1033</setSpec><setSpec>col_2072_452950</setSpec></header><metadata><record xmlns="http://www.loc.gov/MARC21/slim" xmlns:dcterms="http://purl.org/dc/terms/" xmlns:xsi="http://www.w3.org/2001/XMLSchema-instance" xmlns:doc="http://www.lyncode.com/xoai" xsi:schemaLocation="http://www.loc.gov/MARC21/slim http://www.loc.gov/standards/marcxml/schema/MARC21slim.xsd">
   <leader>00925njm 22002777a 4500</leader>
   <datafield ind2=" " ind1=" " tag="042">
      <subfield code="a">dc</subfield>
   </datafield>
   <datafield ind2=" " ind1=" " tag="720">
      <subfield code="a">Marum, Tiago</subfield>
      <subfield code="e">author</subfield>
   </datafield>
   <datafield ind2=" " ind1=" " tag="720">
      <subfield code="a">Monte, Renata</subfield>
      <subfield code="e">author</subfield>
   </datafield>
   <datafield ind2=" " ind1=" " tag="720">
      <subfield code="a">Domingues de Figueiredo, Antonio</subfield>
      <subfield code="e">author</subfield>
   </datafield>
   <datafield ind2=" " ind1=" " tag="720">
      <subfield code="a">Pujadas Álvarez, Pablo</subfield>
      <subfield code="e">author</subfield>
   </datafield>
   <datafield ind2=" " ind1=" " tag="260">
      <subfield code="c">2019</subfield>
   </datafield>
   <datafield ind2=" " ind1=" " tag="520">
      <subfield code="a">O uso de fibras em concretos tem ganho um maior espaço no meio da construção civil e a publicação do fib Model Code 2010 pode ser considerada um grande avanço nesse sentido. Indicando a possibilidade de uso estrutural do concreto reforçado com fibras (CRF), o novo código abre portas para ampliar o mercado do material. No Brasil, seu uso é dificultado pela ausência de qualidade de ensaios de controle, resultado da falta de um método de ensaio normatizado. Para isso, tem sido proposto o ensaio de duplo puncionamento (Ensaio Barcelona) AENOR UNE 83515 (2010), que quantifica a resistência residual do CRF. Porém, o ensaio segundo a norma é de difícil disseminação prática devido aos custos associados ao sistema de medição da deformação radial dos corpos de prova. Dessa forma, sua versão simplificada é promissora, substituindo a medição de expansão perimetral dos corpos de prova por deslocamento axial. O ensaio também pode apresentar grande instabilidade na região pós-fissuração da matriz e variabilidade de resultados na etapa residual. Para o presente estudo, a utilização de corpos de prova cúbicos com duplo entalhe lateral foi testada em termos de diminuição na dispersão da resposta. Os resultados demonstraram que o entalhe não é efetivo em termos de dispersão. A influência do entalhe se mostrou significativa para a redução da instabilidade, uma vez que cargas de pico menores geram resultados mais estáveis.</subfield>
   </datafield>
   <datafield ind2=" " ind1=" " tag="520">
      <subfield code="a">Postprint (published version)</subfield>
   </datafield>
   <datafield tag="653" ind2=" " ind1=" ">
      <subfield code="a">Àrees temàtiques de la UPC::Edificació::Materials de construcció</subfield>
   </datafield>
   <datafield tag="653" ind2=" " ind1=" ">
      <subfield code="a">Reinforced cement</subfield>
   </datafield>
   <datafield tag="653" ind2=" " ind1=" ">
      <subfield code="a">Concrete</subfield>
   </datafield>
   <datafield tag="653" ind2=" " ind1=" ">
      <subfield code="a">Concreto reforçado com fibras</subfield>
   </datafield>
   <datafield tag="653" ind2=" " ind1=" ">
      <subfield code="a">Ensaio Barcelona</subfield>
   </datafield>
   <datafield tag="653" ind2=" " ind1=" ">
      <subfield code="a">Corpos de prova com entalhe</subfield>
   </datafield>
   <datafield tag="653" ind2=" " ind1=" ">
      <subfield code="a">Ciment armat</subfield>
   </datafield>
   <datafield tag="653" ind2=" " ind1=" ">
      <subfield code="a">Formigó</subfield>
   </datafield>
   <datafield ind2="0" ind1="0" tag="245">
      <subfield code="a">Avaliação de ensaio multidirecional com duplo entalhe para concretos reforçados com fibras</subfield>
   </datafield>
</record></metadata></record></GetRecord></OAI-PMH>